000 00842cam a22003017a 4500
003 CHAP
005 20220817041652.0
008 971013s1973 r 00010 d
010 _a21142
011 _a22114
035 _a26207
040 _cCHAP
082 _a080
_bS46 v.106
100 0 0 _aDostoievski, Fedor M.
_934054
245 1 4 _aLos hermanos Karamazov
250 _a3 ed.
260 _aMéxico, D.F. :
_bPorrúa,
_c1973
300 _a490 p.
490 0 _aSepan Cuántos
_v; 106
590 _aBATCH-UPD
_b10
_c20130110
_lUCH01
_h0022
590 _aBATCH-UPD
_b10
_c20130110
_lUCH01
_h1822
590 _aCONVERSION
_b10
_c20130109
_lUCH01
_h1313
650 1 4 _aNovela rusa.
_982027
830 0 _aSepan cuantos
_v; 106
901 _aBK
942 _cLIBRO
949 _a080 S46 v.106
_bBC
_cLIBRO
_d33724000317145
_eLIBRO
_h30450
_i26207
_si
999 _c21142
_d21142